| 000 | 01052nam a22002657a 4500 | ||
|---|---|---|---|
| 999 |
_c65742 _d65742 |
||
| 005 | 20240530110841.0 | ||
| 008 | 200912s2019 ua a g b 000 0dara d | ||
| 017 |
_a2019/3117 _bمصر. دار الكتب |
||
| 020 | _a9789779121826 | ||
| 040 |
_aEG-CaGPL _cEG-CaGPL |
||
| 082 | 0 | 4 |
_221 _a953.4 _bم إ |
| 100 | 0 | _aمحمود عبدالله غزلان | |
| 245 | 0 | 2 |
_aالامامة والسلطنة فى عمان 1868 - 1920 م / _cمحمود عبدالله غزلان |
| 250 | _aط.1 | ||
| 260 |
_aالقاهرة : _bالهيئة المصرية العامة للكتاب، _c2019 |
||
| 300 |
_a315 ص. ؛ _c24 سم. |
||
| 490 | 0 |
_aتاريخ المصريين ؛ _v322 |
|
| 650 | _2qrmak | ||
| 651 | 0 | 7 |
_2qrmak _aعمان _xتاريخ _yالامامة الاباضية |
| 651 | 0 | 7 |
_aعمان _xالاحوال الاقتصادية _2qrmak |
| 651 | 0 | 7 |
_aعمان _xالاحوال الاجتماعية _2qrmak |
| 651 | 0 | 7 |
_aعمان _xالاحوال السياسية _2qrmak |
| 942 |
_2ddc _cBK |
||